| 000 | 00874 a2200193 4500 | ||
|---|---|---|---|
| 020 | _a0415297788 (hardcover) | ||
| 020 | _a9780415297783 (hardcover) | ||
| 082 | 0 | 4 | _a330.0882971 |
| 090 |
_c4151 _d4151 |
||
| 100 | 1 | _aGhazanfar, S.M. | |
| 245 | 1 | 0 |
_aMedieval islamic economic thought : _bfilling the great gap in european economics / _cS.M. Ghazanfar. |
| 260 |
_a[S.l.] : _bRoutledge, _c2003. |
||
| 300 |
_a304 p. ; _c24 cm. |
||
| 490 | 1 | _aIslamic studies series. | |
| 520 | _aThis book is a collection of papers on the origins of economic thought discovered in the writings of some prominent Islamic scholars, roughly during the five centuries prior to the Latin Scholastics, like St. Thomas Aquinas. | ||
| 830 | 0 | _aIslamic studies series. | |
| 856 | 4 | 0 |
_3Amazon.com _uhttp://www.amazon.com/exec/obidos/ASIN/0415297788/chopaconline-20 |
| 942 |
_aNBS _cBK _k330.0882971 GHA |
||
| 999 |
_c346603 _d346603 |
||